000 00673nam a2200205Ia 4500
003 OSt
005 20251028143111.0
008 220923b |||||||| |||| 00| 0 eng d
020 _a9780300068757
037 _cGeneral Book
040 _aRTL
_cRTL
_beng
041 _2eng
_aeng
084 _aY:3(O)v, N4
_qRTL
100 _aMorson, Gary Saul.
_915288
245 0 _aNarrative and Freedom: the Shadows of Time.
260 _aLondon
_bYale University Press
_c1994
300 _axiii,309 p.
_ccm.
_bIncludes bibliographical references and index.
942 _hY:3(O)v, N4
_cGB
_2CC
_n0
999 _c586127
_d586127